<?xml version="1.0" encoding="UTF-8"?>
<record
    xmlns:xsi="http://www.w3.org/2001/XMLSchema-instance"
    xsi:schemaLocation="http://www.loc.gov/MARC21/slim http://www.loc.gov/standards/marcxml/schema/MARC21slim.xsd"
    xmlns="http://www.loc.gov/MARC21/slim">

  <leader>00668nam a22002411i 4500</leader>
  <controlfield tag="001">23569</controlfield>
  <datafield tag="010" ind1=" " ind2=" ">
    <subfield code="a">9788447341986</subfield>
  </datafield>
  <datafield tag="090" ind1=" " ind2=" ">
    <subfield code="a">23569</subfield>
  </datafield>
  <datafield tag="100" ind1=" " ind2=" ">
    <subfield code="a">20170304u        u  u0frey50      ba</subfield>
  </datafield>
  <datafield tag="101" ind1="0" ind2=" ">
    <subfield code="a">por</subfield>
  </datafield>
  <datafield tag="200" ind1="1" ind2=" ">
    <subfield code="f">Isidro S&#xE1;nchez</subfield>
    <subfield code="a">O Gualter aprende coisas novas</subfield>
    <subfield code="e">vamos aprender</subfield>
  </datafield>
  <datafield tag="210" ind1=" " ind2=" ">
    <subfield code="c">RBA Coleccionables</subfield>
    <subfield code="d">cop. 2003</subfield>
  </datafield>
  <datafield tag="215" ind1=" " ind2=" ">
    <subfield code="a">[28] p.</subfield>
    <subfield code="c">il.</subfield>
    <subfield code="d">23 cm</subfield>
  </datafield>
  <datafield tag="225" ind1="2" ind2=" ">
    <subfield code="a">Rua s&#xE9;samo</subfield>
    <subfield code="v">26</subfield>
  </datafield>
  <datafield tag="225" ind1="2" ind2=" ">
    <subfield code="i">Aprende divertindo-te</subfield>
  </datafield>
  <datafield tag="300" ind1=" " ind2=" ">
    <subfield code="a">Oferta de Elsa Coelho</subfield>
  </datafield>
  <datafield tag="606" ind1=" " ind2=" ">
    <subfield code="a">Infantil</subfield>
    <subfield code="9">2402</subfield>
  </datafield>
  <datafield tag="675" ind1=" " ind2=" ">
    <subfield code="a">087.5</subfield>
    <subfield code="9">2104</subfield>
  </datafield>
  <datafield tag="700" ind1=" " ind2="1">
    <subfield code="a">S&#xE1;nchez</subfield>
    <subfield code="b">Isidro</subfield>
    <subfield code="4">070</subfield>
    <subfield code="9">2652</subfield>
  </datafield>
  <datafield tag="702" ind1=" " ind2="1">
    <subfield code="a">Rodrigues</subfield>
    <subfield code="b">Teresa</subfield>
    <subfield code="4">730</subfield>
  </datafield>
  <datafield tag="711" ind1="0" ind2="2">
    <subfield code="a">G.A. Estudio</subfield>
    <subfield code="4">440</subfield>
    <subfield code="9">2653</subfield>
  </datafield>
  <datafield tag="801" ind1=" " ind2=" ">
    <subfield code="a">PT</subfield>
    <subfield code="g">RPC</subfield>
  </datafield>
  <datafield tag="990" ind1=" " ind2=" ">
    <subfield code="c">LIVROS</subfield>
  </datafield>
  <datafield tag="995" ind1=" " ind2=" ">
    <subfield code="0">0</subfield>
    <subfield code="1">0</subfield>
    <subfield code="9">32247</subfield>
    <subfield code="b">BMVA</subfield>
    <subfield code="d">BMVA</subfield>
    <subfield code="e">DEP</subfield>
    <subfield code="f">0029707</subfield>
    <subfield code="k">087.5 SAN</subfield>
    <subfield code="m">2018-04-05</subfield>
    <subfield code="o">0</subfield>
    <subfield code="r">LIVROS</subfield>
    <subfield code="u">cx. 67</subfield>
    <subfield code="s"></subfield>
  </datafield>
</record>
